| 000 | 00709nam a22002057a 4500 | ||
|---|---|---|---|
| 003 | OSt | ||
| 005 | 20251124165118.0 | ||
| 008 | 251124b |||||||| |||| 00| 0 eng d | ||
| 020 | _a9786214062881 | ||
| 040 |
_aDWCL-Main lib _cOC |
||
| 082 |
_2Second edition _aFil. 640.9406 C814r 2020 |
||
| 100 | _aCornell, Daryl Ace V. | ||
| 245 |
_aResorts & Recreation Management/ _cDaryl Ace V. Cornell |
||
| 250 | _a Second edition | ||
| 260 |
_aIntramuros Manila, Philippines : _bMindshapers co. inc., _cc2020. |
||
| 300 |
_a viii, 174 pages : _billustrations ; _c25cm |
||
| 504 | _aIncludes Bibliographical references | ||
| 650 | _a1. Resorts- Management | ||
| 942 |
_2ddc _cBK - FIL _eSecond edition _kFil. _n0 |
||
| 999 |
_c6152 _d6152 |
||